<?xml version="1.0" encoding="UTF-8"?>
<record
    xmlns:xsi="http://www.w3.org/2001/XMLSchema-instance"
    xsi:schemaLocation="http://www.loc.gov/MARC21/slim http://www.loc.gov/standards/marcxml/schema/MARC21slim.xsd"
    xmlns="http://www.loc.gov/MARC21/slim">

  <leader>00628nam a22001817a 4500</leader>
  <controlfield tag="001">85847</controlfield>
  <controlfield tag="005">20260429142403.0</controlfield>
  <controlfield tag="008">260429s1999    it ||||| |||| 00| 0 ita d</controlfield>
  <datafield tag="040" ind1=" " ind2=" ">
    <subfield code="a">M-RABA</subfield>
    <subfield code="b">spa</subfield>
    <subfield code="c">M-RABA</subfield>
  </datafield>
  <datafield tag="245" ind1="0" ind2="0">
    <subfield code="a">Bell'Italia Pompei</subfield>
    <subfield code="b">Numero 26 Aprile 1999</subfield>
  </datafield>
  <datafield tag="260" ind1=" " ind2=" ">
    <subfield code="a">Mil&#xE1;n</subfield>
    <subfield code="b">: Editoriale Giorgio Mondadori</subfield>
    <subfield code="c">, 1999</subfield>
  </datafield>
  <datafield tag="300" ind1=" " ind2=" ">
    <subfield code="a">144 p. </subfield>
    <subfield code="b">: il. col.</subfield>
    <subfield code="c">; 28 cm</subfield>
  </datafield>
  <datafield tag="500" ind1="0" ind2="0">
    <subfield code="a">En cub.: Una mostra unica: Homo faber. &#xC8; come entrare nelle case, tra quella gente e quelle cose sepolte dal Vesuvio.</subfield>
  </datafield>
  <datafield tag="546" ind1=" " ind2=" ">
    <subfield code="a">Texto en italiano.</subfield>
  </datafield>
  <datafield tag="650" ind1=" " ind2="0">
    <subfield code="a">Arte-</subfield>
    <subfield code="z">Italia-</subfield>
    <subfield code="z">Pompeya</subfield>
    <subfield code="9">84902</subfield>
  </datafield>
  <datafield tag="852" ind1=" " ind2=" ">
    <subfield code="j">F-16116</subfield>
  </datafield>
  <datafield tag="942" ind1=" " ind2=" ">
    <subfield code="c">FONDOMODER</subfield>
    <subfield code="n">0</subfield>
  </datafield>
  <datafield tag="952" ind1=" " ind2=" ">
    <subfield code="0">0</subfield>
    <subfield code="1">0</subfield>
    <subfield code="2">ddc</subfield>
    <subfield code="4">0</subfield>
    <subfield code="7">0</subfield>
    <subfield code="a">RABASF</subfield>
    <subfield code="b">RABASF</subfield>
    <subfield code="c">DP2</subfield>
    <subfield code="d">2026-04-29</subfield>
    <subfield code="e">D</subfield>
    <subfield code="l">0</subfield>
    <subfield code="o">F-16116</subfield>
    <subfield code="p">1097145</subfield>
    <subfield code="r">2026-04-29 14:26:32</subfield>
    <subfield code="w">2026-04-29</subfield>
    <subfield code="y">FONDOMODER</subfield>
    <subfield code="z">Donaci&#xF3;n de Vincenzo Giuseppe Sabini</subfield>
  </datafield>
  <datafield tag="999" ind1=" " ind2=" ">
    <subfield code="c">85847</subfield>
    <subfield code="d">85847</subfield>
  </datafield>
</record>
